| 000 | 00895nam a22002177a 4500 | ||
|---|---|---|---|
| 999 |
_c1294 _d1294 |
||
| 003 | AR-CdUCM | ||
| 008 | 190226b ||||| |||| 00| 0 spa d | ||
| 040 |
_aMUNICIPALIDAD PROVINCIAL DEL CUSCO _cBIBLIOTECA MUNICIPAL DEL CUSCO |
||
| 082 |
_a269.2 / _bA92 |
||
| 100 |
_aÁvila P. Rafael _94992 |
||
| 245 |
_aElementos para una evangelización liberadora / _cRafael Ávila P. |
||
| 260 |
_aSalamanca : _bSigueme, _c1971. |
||
| 300 |
_a160 paginas ; _c19 cm. |
||
| 505 | _aCarácter profético de la evangelización -- Evangelización dirigida a un hombre situado -- Evangelización a partir del hombre -- evangelización sobre el misterio del hombre -- evangelización para la fe ... | ||
| 650 |
_aEvangelización _93112 |
||
| 650 |
_aReligión _91195 |
||
| 650 |
_aMisterio del hombre _94993 |
||
| 710 |
_aSociedad de educación Atenas _94994 |
||
| 942 |
_2ddc _cLIBROS |
||
| 945 |
_aacv _d2019-02-26 |
||